000
00283nam a22001337a 4500
008
170630b xxu||||| |||| 00| 0 eng d
020
_a
0385055498
041
_a
eng
080
_a
82
100
_a
22
101
_a
GJL
245
_a
THE SILENT LANGUAGE
_c
HALL,E.T
942
_2
udc
_c
BK
999
_c
19747
_d
19747